Cuentos de animales fantásticos para niños/ (Registro nro. 4065)
[ vista simple ]
| 000 -LEADER | |
|---|---|
| fixed length control field | 01060nam a2200241Ia 4500 |
| 003 - CONTROL NUMBER IDENTIFIER | |
| control field | OSt |
| 005 - DATE AND TIME OF LATEST TRANSACTION | |
| control field | 20200413103539.0 |
| 008 - FIXED-LENGTH DATA ELEMENTS--GENERAL INFORMATION | |
| fixed length control field | 191128s2001 ck a b 000 j spa d |
| 020 ## - INTERNATIONAL STANDARD BOOK NUMBER | |
| International Standard Book Number | 9972401170 |
| 040 ## - CATALOGING SOURCE | |
| Original cataloging agency | CO-JMCR |
| Transcribing agency | CO-JMCR |
| 041 0# - LANGUAGE CODE | |
| Language code of text/sound track or separate title | spa |
| 082 04 - DEWEY DECIMAL CLASSIFICATION NUMBER | |
| Classification number | C / |
| Item number | CUEc |
| 245 #0 - TITLE STATEMENT | |
| Title | Cuentos de animales fantásticos para niños/ |
| 250 ## - EDITION STATEMENT | |
| Edition statement | Tercera edición |
| 260 ## - PUBLICATION, DISTRIBUTION, ETC. | |
| Place of publication, distribution, etc. | Bogotá |
| 260 ## - PUBLICATION, DISTRIBUTION, ETC. | |
| Name of publisher, distributor, etc. | Norma : Latinoamericana |
| 260 ## - PUBLICATION, DISTRIBUTION, ETC. | |
| Date of publication, distribution, etc. | 2001 |
| 300 ## - PHYSICAL DESCRIPTION | |
| Extent | 106 páginas : |
| Other physical details | ilustraciones a color ; |
| Dimensions | 21 cm. |
| 505 ## - FORMATTED CONTENTS NOTE | |
| Formatted contents note | La Boitatá -- El hombre caimán -- Las guacamayas -- El caballito de siete colores -- El murciélago -- El lagarto de oro -- El Amaru -- El pájaro Inriri, fabricante de mujeres -- La novia del pececito -- Blnca y el Salvaje |
| 520 ## - SUMMARY, ETC. | |
| Summary, etc. | Los animales son una presencia permanente en la literatura : inspirando terror, actuando como entidades protectoras y benéficas, reales o imaginarios, enamorándose, incluso, o transformándose en seres humanos. |
| 650 14 - SUBJECT ADDED ENTRY--TOPICAL TERM | |
| Topical term or geographic name entry element | Cuentos infantiles latinoamericanos |
| 9 (RLIN) | 2899 |
| 942 ## - ADDED ENTRY ELEMENTS (KOHA) | |
| Source of classification or shelving scheme | Dewey Decimal Classification |
| Koha item type | Books |
| Withdrawn status | Lost status | Source of classification or shelving scheme | Damaged status | Not for loan | Collection code | Home library | Current library | Date acquired | Source of acquisition | Cost, normal purchase price | Total Checkouts | Full call number | Barcode | Date last seen | Date last checked out | Copy number | Price effective from | Koha item type |
|---|---|---|---|---|---|---|---|---|---|---|---|---|---|---|---|---|---|---|
| Dewey Decimal Classification | Fiction | Biblioteca Pública José María del Castillo y Rada | Biblioteca Pública José María del Castillo y Rada | 11/28/2019 | Donación | 0.00 | 5 | C / CUEc | 201808863 | 11/14/2025 | 11/14/2025 | Ej.2 | 11/28/2019 | Books | ||||
| Dewey Decimal Classification | Fiction | Biblioteca Pública José María del Castillo y Rada | Biblioteca Pública José María del Castillo y Rada | 11/28/2019 | Donación | 0.00 | 4 | C / CUEc | 201808916 | 11/14/2025 | 11/14/2025 | Ej.1 | 04/13/2020 | Books |